| 000 | 00737nam a22002057a 4500 | ||
|---|---|---|---|
| 003 | UA-OsUOA | ||
| 001 | 7485 | ||
| 007 | ta | ||
| 008 | 20040622b un ||||| |||| 00| 0 ukr d | ||
| 100 | _aРютаро Абе | ||
| 942 | _cSA | ||
| 040 |
_aUA-OsUOA _bukr _cUA-OsUOA _dUA-OsUOA |
||
| 245 |
_aКоли палала гірська брама. _bУривок з книги "Кривава історія Японії". ( З японської переклали Олена Капранова та Анастасія Третяк) _cАбе Рютаро |
||
| 300 | _aС.19-26 | ||
| 955 | _a0 | ||
| 041 | _aukr | ||
| 044 | _aUA | ||
| 773 | 0 |
_w0 _tВсесвіт _dК. _d2004 _g№5-6 |
|
| 650 | 7 |
_aЛітературознавство _2UDC |
|
| 999 |
_c293646 _d293646 |
||